[Event "Moscow Open A 2014"]
[Site "Moscow RUS"]
[Date "2014.02.09"]
[Round "9.15"]
[White "Mozharov, Mikhail"]
[Black "Demianjuk, Alexander"]
[Result "1-0"]
[WhiteTitle "IM"]
[WhiteElo "2564"]
[BlackElo "2345"]
[WhiteFideId "4189825"]
[BlackFideId "4134249"]
[EventDate "2014.02.01"]

1. e4 c5 2. Nf3 e6 3. d4 cxd4 4. Nxd4 Nc6 5. Nc3 Qc7 6. Be3 a6 7. Qd2 Nf6 8. f4
Bb4 9. Bd3 Na5 10. a3 Bxc3 11. Qxc3 Qxc3+ 12. bxc3 d5 13. e5 Ne4 14. Nb3 Nc4 15.
Bxc4 dxc4 16. Na5 b5 17. Bd4 f5 18. exf6 gxf6 19. O-O O-O 20. Rae1 f5 21. Rf3
Rd8 22. Nc6 Bb7 23. Nxd8 Rxd8 24. Rfe3 Kf7 25. Rh3 Kg6 26. Rxe4 Bxe4 27. Rg3+
Kf7 28. Rg7+ Ke8 29. Rxh7 Rd6 30. Kf2 a5 31. Ke3 Bxc2 32. Ra7 a4 33. h4 e5 34.
fxe5 Rg6 35. h5 Rxg2 36. e6 Bd3 37. h6 Re2+ 38. Kf4 Re4+ 39. Kf3 1-0